| 000 | 00512nam a2200193Ia 4500 | ||
|---|---|---|---|
| 003 | GCL | ||
| 008 | 140319s9999 xx 000 0 eng d | ||
| 040 |
_aGCL / _cGCL |
||
| 082 | 0 | 4 |
_a842.4 _bR B |
| 100 | 1 | _aRACINE, JEAN | |
| 245 | 1 | 0 |
_aBRITANNICS PHAELRA ATHALIAH / _cRACINE, JEAN |
| 700 | 1 | _aSISSON, C.H | |
| 260 |
_a[S.N] : _bOXFORD UNIVERSITY PRESS ، _c1992 |
||
| 300 | _a215 P | ||
| 650 | 0 | 4 | _aBRITANNICUS - DRAMA |
| 650 | 0 | 4 | _aPHAEDRA - GREEK - DRAMA |
| 650 | 0 | 4 | _aATHALIAH - DRAMA |
| 942 |
_2ddc _cBK |
||
| 999 |
_c15879 _d15879 |
||